000 01321cam a2200385 a 4500
001 2538836
003 OSt
005 20140310182937.0
008 940616s1993 ph a b f001 0 eng
010 _a 93940671
020 _a9715420281
040 _aDLC
_cDLC
_dDLC
042 _alcode
043 _aa-ph---
050 0 0 _aDS 686.614
_b.Ab165 1993
082 _2FIL 959.9057
_bAb1565 1993
245 0 0 _aCorazon C. Aquino
_bearly assessments of her presidential leadership and administration and her place in history /
_ced. Abueva, Jose V.; Roman, Emerlinda R.
250 _aInternational ed.
260 _a[Quezon City]
_bUniversity of the Philippines Press
_cc1993
300 _a 316 p.
_bill.
_c25 cm.
504 _aIncludes bibliographical references (p. 281-282) and index.
521 _aCollege students
526 _c1210L to 1700L
541 _j1
562 _e1
600 1 0 _aAquino, Corazon Cojuangco.
650 0 _aPresidents
_zPhilippines.
651 0 _aPhilippines
_xPolitics and government
_y1986-
700 1 _aAbueva, Jose Veloso,
_d1928-
700 1 _aRoman, Emerlinda R.
710 1 _aPhilippines.
_bPresident (1986-1992 : Aquino)
906 _a7
_bcbc
_corigode
_d3
_encip
_f19
_gy-gencatlg
942 _2lcc
_cBK
_kFIL
999 _c17652
_d17652